The Quran
I tiakina i:
| Kaituhi matua: | |
|---|---|
| Hōputu: | Pukapuka |
| Reo: | Ingarihi |
| I whakaputaina: |
Oxford
Clarendon Press
1880
|
| Rangatū: | The Sacred Books of the East, 6,9
|
| Ngā marau: | |
| Ngā Tūtohu: |
Tāpirihia he Tūtohu
Kāore He Tūtohu, Me noho koe te mea tuatahi ki te tūtohu i tēnei pūkete!
|
MARC
| LEADER | 00000cam a2200000 a 4500 | ||
|---|---|---|---|
| 001 | UCF8261 | ||
| 003 | CL-VaPUC | ||
| 008 | 130808e18800000uk |||||||||||||||||eng|d | ||
| 082 | 0 | 4 | |a 297.1225 |b PAL |2 21 |
| 100 | |a Palmer, Edward Henry |e author |9 507893 | ||
| 245 | 1 | 4 | |a The Quran |
| 300 | |a v | ||
| 942 | |c BK | ||
| 945 | |d 20130808 11:32:00 |a dcastane | ||
| 260 | |a Oxford |b Clarendon Press |c 1880 | ||
| 650 | 0 | |a Corán |9 314983 | |
| 650 | 7 | |a LIBROS SAGRADOS |2 CL-VaPUC |9 570367 | |
| 650 | 0 | |a Historia y crítica |9 257407 | |
| 583 | |a last modification |c 20130808 11:32:00 |k Rodrigo Vera | ||
| 490 | 0 | |a The Sacred Books of the East, 6,9 | |
| 999 | |c 352881 |d 352879 | ||
| 952 | |0 0 |1 0 |4 0 |6 297_122500000000000_PAL_1880 |7 0 |8 X |9 457618 |a FDOBUD |b FDOBUD |d 2019-11-22 |h v.1 |i 4994426 |o 297.1225 PAL 1880 |p 4994426 |r 2019-11-22 |w 2019-11-22 |y BK_X |k BUD | ||
| 952 | |0 0 |1 0 |4 0 |6 297_122500000000000_PAL_1880 |7 0 |8 X |9 457619 |a FDOBUD |b FDOBUD |d 2019-11-22 |h v.2 |i 4994434 |o 297.1225 PAL 1880 |p 4994434 |r 2019-11-22 |w 2019-11-22 |y BK_X |k BUD | ||